| 000 | 00604nam a2200193 i 4500 | ||
|---|---|---|---|
| 001 | 146642 | ||
| 003 | ES-MaACL | ||
| 005 | 20230906201621.0 | ||
| 007 | t| | ||
| 008 | 070913m19591967ag ||||1| spa d | ||
| 080 | _a930.1 | ||
| 100 | 1 |
_aToynbee, Arnold Joseph. _9111194 |
|
| 245 | 1 | 0 |
_aEstudio de la historia / _cpor Arnold Joseph Toynbee ; compendio le los volúmenes I-X por D.C. Somervell. |
| 260 |
_aBuenos Aires : _bEmecé, _c[1959-67] |
||
| 300 |
_a2 v. ; _c23 cm. |
||
| 650 | 4 |
_aHistoria- _xFilosofía. _913380 |
|
| 700 | 1 |
_aSomervell, D. C. _9107264 |
|
| 852 |
_aES-MaACL _jE-7836-7 _bR.92179 |
||
| 999 |
_c146642 _d146642 |
||